Curso práctico sobre sociedades de responsabilidad limitada
Uloženo v:
| Hlavní autor: | |
|---|---|
| Médium: | Kniha |
| Jazyk: | španělština |
| Vydáno: |
Santiago
Jurídica de Chile
1988
|
| Témata: | |
| Tagy: |
Přidat tag
Žádné tagy, Buďte první, kdo vytvoří štítek k tomuto záznamu!
|
MARC
| LEADER | 00000nam a2200000 a 4500 | ||
|---|---|---|---|
| 001 | UCV0856 | ||
| 003 | CL-VaPUC | ||
| 008 | 890605e19880000CL |||||||||||||||||spa|d | ||
| 082 | 0 | 4 | |a 346.066 |b PUE |2 21 |
| 100 | 0 | |a Puelma Accorsi, Alvaro |e author |9 295186 | |
| 245 | 1 | 0 | |a Curso práctico sobre sociedades de responsabilidad limitada |
| 300 | |a 224 p | ||
| 942 | |c BK | ||
| 945 | |d 19890605 00:00:00 | ||
| 260 | |a Santiago |b Jurídica de Chile |c 1988 | ||
| 650 | 7 | |a COMPAÑIAS LIMITADAS |2 CL-VaPUC |9 255645 | |
| 650 | 7 | |a SOCIEDADES COMANDITARIAS |2 CL-VaPUC |9 255646 | |
| 651 | 7 | |a CHILE |2 CL-VaPUC |9 295187 | |
| 583 | |a last modification |c 19890605 00:00:00 |k Rodrigo Vera | ||
| 999 | |c 209048 |d 209046 | ||
| 952 | |0 0 |1 0 |4 0 |6 346_066000000000000_PUE_1988 |7 0 |8 A |9 184165 |a BIBDER |b BIBDER |d 2019-11-14 |i 2513218 |o 346.066 PUE 1988 |p 2513218 |r 2019-11-14 |w 2019-11-14 |y BK |k DER | ||